LEADER 00898nam0-22003371i-450- 001 990007957580403321 005 20041124154914.0 010 $a88-420-5486-0 035 $a000795758 035 $aFED01000795758 035 $a(Aleph)000795758FED01 035 $a000795758 100 $a20041124d1999----km-y0itay50------ba 101 0 $aita 102 $aIT 105 $a-f------001yy 200 1 $aLinguistica elementare$fTullio De Mauro 205 $a4. ed. riv. ed ampl. 210 $aRoma ; Bari$cLaterza$d1999 215 $aVIII, 156 p., 9 tav.$d18 cm 225 1 $aUniversale Laterza$v778 610 0 $aLinguistica 676 $a410 700 1$aDe Mauro,$bTullio$f<1932- >$0132346 801 0$aIT$bUNINA$gRICA$2UNIMARC 901 $aBK 912 $a990007957580403321 952 $aCIRASS 390$fCIRAS 959 $aCIRAS 996 $aLinguistica elementare$983723 997 $aUNINA LEADER 01576nam 2200541u 450 001 9910717486303321 005 20170509061554.8 035 $a(CKB)4920000001897995 035 $a(UkMbAM-D)E-AMD00057982 035 $a(EXLCZ)994920000001897995 100 $a20240129c1979uuuu -u- - 101 0 $aeng 135 $aur|n|---uuuuu 181 $2rdacontent 182 $2rdamedia 183 $2rdacarrier 200 00$aAlgeria: annual review for 1978 210 $aWashington, D.C$cNear Eastern and African Law Division, Law Library, Library of Congress 215 $a1 online resource 300 $aAMDigital Reference: FCO 93/1847. 610 5$aAlgeria 610 5$aAlgiers 610 5$aBaghdad 610 5$aCamp David 610 5$aCyprus 610 5$aFrance 610 5$aItaly 610 5$aLibya 610 5$aLondon 610 5$aMoscow 610 5$aParis 610 5$aTripoli 610 5$aUnited Kingdom 610 5$aUnited States 610 5$aMiddle East 610 1$aBoumediene, Houari 610 1$aBurroughs, Ronald 610 1$aFaber, Richard 610 1$aGaddafi, Muammar 610 1$aGiven, Edward 610 1$aOwen, David 610 0$aannual review; Arabs; arms; assassination; ceasefire; commercial; coup d'etat; education; election; gas; independence; pipeline; RAF; resistance; revolution; state visit; The Six; trade; weapons 801 0$bUkMbAM-D 801 1$bStDuBDS 906 $aBOOK 912 $a9910717486303321 996 $aAlgeria: annual review for 1978$93873830 997 $aUNINA LEADER 01628nas 2200481-a 450 001 996205339103316 005 20240413015303.0 011 $a1749-6802 035 $a(CKB)2670000000083219 035 $a(CONSER)--2005204609 035 $a(EXLCZ)992670000000083219 100 $a20050603a20059999 --- - 101 0 $aeng 181 $ctxt$2rdacontent 182 $cc$2rdamedia 183 $acr$2rdacarrier 200 00$aCountry report$iNamibia 210 $aLondon ;$aNew York $cEconomist Intelligence Unit 215 $a1 online resource 311 $aPrint version: Country report. (DLC) 2005204609 (OCoLC)60555117 2047-539X 517 3 $aNamibia 606 $aEconomic indicators$zNamibia$vPeriodicals 606 $aIndicateurs économiques$zNamibie$vPériodiques 606 $aEconomic history$2fast$3(OCoLC)fst00901974 606 $aEconomic indicators$2fast$3(OCoLC)fst00901996 606 $aPolitics and government$2fast$3(OCoLC)fst01919741 607 $aNamibia$xEconomic conditions$vPeriodicals 607 $aNamibia$xPolitics and government$vPeriodicals 607 $aNamibie$xPolitique et gouvernement$vPériodiques 607 $aNamibia$2fast 608 $aPeriodicals.$2fast 615 0$aEconomic indicators 615 6$aIndicateurs économiques 615 7$aEconomic history. 615 7$aEconomic indicators. 615 7$aPolitics and government 676 $a330.96881 712 02$aEconomist Intelligence Unit (Great Britain) 906 $aJOURNAL 912 $a996205339103316 920 $aexl_impl conversion 996 $aCountry Report$91321002 997 $aUNISA